| 000 | 00371nam a2200145Ia 4500 | ||
|---|---|---|---|
| 008 | 230312s9999||||xx |||||||||||||| ||und|| | ||
| 020 | _a0024154601 | ||
| 082 |
_a621.382 _bSTA-L |
||
| 100 | _aWilliam Stallings | ||
| 245 | 0 | _aLocal Networks | |
| 300 | _a381 | ||
| 546 | _aEng. | ||
| 650 |
_aEngineering _vLAN protocols, network performance, Internet working |
||
| 942 | _cBK | ||
| 999 |
_c1423 _d1423 |
||